000 00781nam a2200229 i 4500
001 20181
003 ES-MaACL
005 20250812173540.0
007 t|
008 021107s1919 sp |||| | spa d
100 1 _aAguado Marinoni, Antonio.
_9167568
245 1 0 _aCartilla popular de medicina social /
_credactada por A. Aguado Marinoni y Luis Huerta.
260 _aMadrid :
_b[Gabriel López del Horno],
_c1919.
300 _a28 p. ;
_c19 cm.
490 1 _aInstituto de Medicina Social ;
_v1
650 7 _aMedicina social
_2embne
_914940
700 1 _aHuerta, Luis,
_d1889-1975
_9148613
710 2 _aInstituto de Medicina Social.
_9167567
830 0 _aInstituto de Medicina Social ;
_v1
_9228916
852 _aES-MaACL
_j1573-F-24
999 _c20181
_d20181